Sám sobě psychologem /

Salvato in:
Dettagli Bibliografici
Autori principali: Novák, Tomáš (Autore), Capponi, Věra (Autore)
Natura: Libro
Lingua:ceco
Pubblicazione: Praha : Grada, 1992
Soggetti:
Accesso online:OBSAH
Tags: Aggiungi Tag
Nessun Tag, puoi essere il primo ad aggiungerne!!

MARC

LEADER 00000nam a22000003a 4500
001 stu40960
005 20150617225723.2
008 930608s1992----cs------------------cze-d
020 |a 80-85424-88-6 
040 |a STU  |b slo 
041 0 |a cze 
044 |a cs 
080 |a 159.9 
100 1 |a Novák, Tomáš  |4 aut 
245 1 |a Sám sobě psychologem /  |c [aut.]Věra Capponi, Tomáš Novák 
260 |a Praha :  |b Grada,  |c 1992 
300 |a 214 s 
650 7 |a psychológia  |2 stusub 
700 1 |a Capponi, Věra  |4 aut 
856 4 |a https://sweb.mtf.stuba.sk/obsahy/sam_sobe_psychologem_92  |u https://sweb.mtf.stuba.sk/obsahy/sam_sobe_psychologem_92  |3 OBSAH 
996 |b 284M033971  |c M*8292-1  |l MMST  |s A  |a 24  |w stu40960_0001 
996 |b 284M020907  |c M*8292-3  |l MMKN  |s A  |a 24  |w stu40960_0002 
996 |b 284M082012  |c M*8292-2  |l MMKN  |s A  |a 24  |w stu40960_0003